Ensayos sobre asentamientos humanos, urbanización y migraciones internas en Cuba /

Salvato in:
Dettagli Bibliografici
Autore principale: Baroni Bassoni, Sergio (Autor)
Altri autori: Erviti Díaz, Beatríz (Autora), García Pleyán, Carlos (Autor), Morejón Seijas, Blanca (Autora), Rodríguez Cervantes, Margarita (Autora), Sotto Roque, Mayda (Autora)
Natura: Sconosciuto
Lingua:Spanish
Pubblicazione: La Habana: Universidad de La Habana. Centro de Estudios Demográficos, 1988
Soggetti:
Tags: Aggiungi Tag
Nessun Tag, puoi essere il primo ad aggiungerne!!

MARC

LEADER 00000 a2200000 04500
003 cru IIS
005 20220614145521.0
008 220509s1988 cu |||||r|||| 0|| e|spa d
040 |c cru IIS 
090 |a 14.07.01 U58e 
100 1 |a Baroni Bassoni, Sergio  |9 10414  |e Autor 
245 1 |a Ensayos sobre asentamientos humanos, urbanización y migraciones internas en Cuba /   |c Sergio Baroni Bassoni, Beatriz Erviti Díaz, Carlos García Pleyán, Blanca Morejón Seijas, Margarita Rodríguez Cervantes, Mayda Sotto Roque 
260 |a La Habana:   |b Universidad de La Habana. Centro de Estudios Demográficos,  |c 1988 
300 |a 155 páginas :  |b tablas 
650 |a PLANIFICACION REGIONAL  
650 |a MIGRACION  
650 |a CONDICIONES DE VIDA  
650 |a DISTRIBUCION GEOGRAFICA  
650 |a DISTRIBUCION POR EDAD Y SEXO  
650 |a CENSOS DE POBLACION  
650 |a ESTADISTICAS DE MIGRACION  
651 4 |9 1846  |a CUBA 
700 1 |a Erviti Díaz, Beatríz  |9 10415  |e Autora 
700 1 |a García Pleyán, Carlos  |9 10416  |e Autor 
700 1 |a Morejón Seijas, Blanca  |9 10417  |e Autora 
700 1 |a Rodríguez Cervantes, Margarita  |9 10418  |e Autora 
700 1 |a Sotto Roque, Mayda  |9 10419  |e Autora 
942 |2 ddc  |c LI 
999 |c 44220  |d 44220